000 00777nam a2200205Ia 4500
003 GCL
008 140319s9999 xx 000 0 ara d
040 _aGCL /
_cGCL
082 0 4 _aط
_b001.2
_bر م
100 1 _aراتب الزيات
245 1 0 _aموسوعة الاولون فى العلم والمعرفة :
_bالارض والكون - الجسم البشرى وانفعالاته - الاختراعات والاكتشافات /
_cراتب الزيات
250 _aالاولى
260 _aبيروت :
_bدار الراتب الجامعية ،
_c1994
300 _aمتعدد ؛
_c24سم
490 _aسلاسل سوفنير
_v0
650 0 4 _aدوائر المعارف
650 0 4 _aالثقافة
650 0 4 _aالتثقيف الذاتى
942 _2ddc
_cBK
999 _c45428
_d45428